| 000 | 00945nam a2200373 a 4500 | ||
|---|---|---|---|
| 003 | AR-BaBNM | ||
| 005 | 20251128210107.0 | ||
| 008 | 082120s2002 ||||||||||||||000 | spa|| | ||
| 020 | _a968-23-0946-8 | ||
| 040 | _cAR-BaBNM | ||
| 100 | 1 | _aAnderson, Perry | |
| 245 | 0 | 0 | _aEl estado absolutista |
| 250 | _a14ª ed. | ||
| 260 |
_aMéxico, D.F. _bSiglo Veintiuno _c1996 |
||
| 300 | _a592 p. | ||
| 490 | 0 | _aHistoria | |
| 500 | _aIndice de nombres p. 569-592 | ||
| 650 | 4 | _aHISTORIA EUROPEA | |
| 650 | 4 | _aHISTORIA POLITICA | |
| 650 | 4 | _aMONARQUIA | |
| 650 | 4 | _aSIGLO DIECISIETE | |
| 650 | 4 | _aHISTORIA DE LAS IDEAS | |
| 650 | 4 | _aHISTORIA POLITICA | |
| 650 | 4 | _aCIENCIAS POLITICAS | |
| 650 | 4 | _aESTADO | |
| 650 | 4 | _aDERECHOS DE LOS ESTADOS | |
| 650 | 4 | _aGOBIERNO | |
| 650 | 4 | _aPODER POLITICO | |
| 650 | 4 | _aBURGUESIA | |
| 653 | _aABSOLUTISMO | ||
| 700 | 1 |
_aJuliá, Santos _etraductor |
|
| 942 | _cBK | ||
| 998 | _cMariana | ||
| 999 |
_c14016 _d14016 |
||